|
|
|
|
| LEADER |
01101ncm a22002772a 4500 |
| 001 |
000408645 |
| 003 |
CZ BrMZK |
| 005 |
20140926141444.0 |
| 007 |
qu |
| 008 |
990307s1980 xr f cze d |
| 040 |
|
|
|a BOA001
|b cze
|
| 072 |
|
7 |
|a 784
|x Vokální hudba
|2 Konspekt
|9 9
|
| 100 |
1 |
|
|a Hanžlík, Bohumír,
|d 1937-2021
|7 xx0011357
|4 cmp
|
| 245 |
1 |
0 |
|a Léto volá
|h [hudebnina] :
|b píseň : pro zpěv a klavír nebo kytaru /
|c hudba Bohumír Hanžlík ; text Věra Proftová
|
| 250 |
|
|
|a 1. vyd.
|
| 260 |
|
|
|a Praha :
|b Panton,
|c 1980
|
| 300 |
|
|
|a 5 s.
|
| 490 |
1 |
|
|a Zpěv a klavír ;
|v 54
|
| 700 |
1 |
|
|a Proftová, Věra,
|d 1924-2004
|7 mzk2014840535
|4 lyr
|
| 830 |
|
0 |
|a Zpěv a klavír
|
| 910 |
|
|
|a BOA001
|b PK-N-0022.142
|b Mus4-0825.085
|
| 964 |
|
|
|a Prázdniny - písně pionýrské - doprovody kytarové
|
| 964 |
|
|
|a Prázdniny - písně pionýrské - doprovody klavírní
|
| 990 |
|
|
|a MU
|
| 996 |
7 |
|
|b 2619073983
|c Mus4-0825.085
|l MZK
|r Sklad / do 1 hodiny
|n 0
|w 000408645
|u 000020
|a 1
|e BOA001
|j MZK50
|s A
|
| 996 |
7 |
|
|b 3119820294
|c PK-N-0022.142
|l MZK
|r Sklad / do 1 hodiny
|n 0
|w 000408645
|u 000010
|a 1
|e BOA001
|j MZK50
|s A
|